Największe miasta dawnego Królestwa Galicji i Lodomerii - Statystyki

Ogólne statystyki
  • Ten quiz został rozwiązany 119 razy
  • Średni wynik to 9 z 15
Statystyki odpowiedzi
L.p. Miasto Województwo/Obwód Liczba ludności % Poprawnych
1 Kraków małopolskie 782 100
100%
2 Lwów lwowski 717 803
100%
5 Rzeszów podkarpackie 198 476
93%
4 Tarnopol tarnopolski 224 565
87%
7 Tarnów małopolskie 103 528
85%
3 Iwano-Frankiwsk iwanofrankiwski 237 686
80%
14 Przemyśl podkarpackie 59 779
74%
6 Bielsko Biała śląskie 169 756
68%
9 Nowy Sącz małopolskie 83 558
66%
15 Stalowa Wola podkarpackie 58 545
42%
8 Jaworzno śląskie 90 368
39%
10 Drohobycz lwowski 76 044
30%
13 Kołomyja iwanofrankiwski 61 347
23%
12 Kałusz iwanofrankiwski 66 266
6%
11 Czerwonogród lwowski 66 504
5%
Nie znaleziono quizów pasujących do podanych kryteriów
Rozkład punktacji
Procent ludzi z każdym wynikiem
Percentyl według liczby udzielonych odpowiedzi
Twoja historia wyników
Nie rozwiązałeś tego quizu